Wolves. (Record no. 115303)
[ view plain ]
| 000 -LEADER | |
|---|---|
| fixed length control field | 00441nam a2200169 a 4500 |
| 005 - DATE AND TIME OF LATEST TRANSACTION | |
| control field | 20140414132135.0 |
| 008 - FIXED-LENGTH DATA ELEMENTS--GENERAL INFORMATION | |
| fixed length control field | 140221s19uu xx 00 eng d |
| 020 ## - INTERNATIONAL STANDARD BOOK NUMBER | |
| International Standard Book Number | 9781426309137 |
| 050 ## - LIBRARY OF CONGRESS CALL NUMBER | |
| Classification number | REF 599.77 |
| Item number | Ma11 2012 |
| 100 ## - MAIN ENTRY--PERSONAL NAME | |
| Personal name | Marsh, Laura |
| 245 ## - TITLE STATEMENT | |
| Title | Wolves. |
| 260 ## - PUBLICATION, DISTRIBUTION, ETC. (IMPRINT) | |
| Place of publication, distribution, etc | Washington, DC : |
| Name of publisher, distributor, etc | NAtional Geogrpahic for Kids, |
| Date of publication, distribution, etc | c2012. |
| 300 ## - PHYSICAL DESCRIPTION | |
| Extent | 32 |
| 440 ## - SERIES STATEMENT/ADDED ENTRY--TITLE | |
| Title | National Geographic for Kids |
| 650 ## - SUBJECT ADDED ENTRY--TOPICAL TERM | |
| Topical term or geographic name as entry element | Wolves |
| Withdrawn status | Lost status | Damaged status | Use restrictions | Home library | Current library | Shelving location | Date acquired | Source of acquisition | Total Checkouts | Full call number | Barcode | Date last seen | Price effective from | Koha item type |
|---|---|---|---|---|---|---|---|---|---|---|---|---|---|---|
| Munich Library | Munich Library | Reference Section | 02/21/2014 | REF 599.77 Ma11 2012 | M7325 | 04/14/2014 | 04/14/2014 | Books |